MARC

LEADER 00000nbm0a2200000 4500
001 135766
005 20231101220555.0
035 |a (RuTPU)RU\TPU\book\147142 
090 |a 135766 
100 |a 20080415d1970 k y0rusy50 ca 
101 0 |a rus 
102 |a RU 
105 |a a m 001zy 
200 1 |a Исследование вывода электронов из переносного малогабаритного бетатрона  |e Диссертация на соискание ученой степени кандидата технических наук  |f В. И. Соломатин  |g Томский политехнический институт, Научно-исследовательский институт электронной интроскопии ; науч. рук. Б. А. Кононов 
210 |a Томск  |d 1970 
215 |a 171 л.  |c ил. 
320 |a Библиогр.: с. 163-168 (75 назв.) 
610 1 |a диссертации 
610 1 |a переносные малогабаритные бетатроны 
610 1 |a выводные устройства 
610 1 |a конструктивные особенности 
610 1 |a циклические ускорители 
610 1 |a магнитные методы 
610 1 |a уравнения 
610 1 |a радиальное движение 
610 1 |a асимптотические методы 
610 1 |a экспериментальное оборудование 
610 1 |a исследование 
675 |a 539.1.076.613(04)  |v 3 
700 1 |a Соломатин  |b В. И. 
702 1 |a Кононов  |b Б. А.  |4 727 
712 0 2 |a Томский политехнический институт  |b Научно-исследовательский институт электронной интроскопии  |2 stltpush  |3 (RuTPU)RU\TPU\col\12415  |9 25379 
801 1 |a RU  |b 63413507  |c 20080415  |g PSBO 
801 2 |a RU  |b 63413507  |c 20190905  |g RCR 
942 |c BK